000 00557nam a2200205Ia 4500
001 13713
003 GE_BSU
008 181216s||||||||xx |||||||||||||| ||und||
020 _a501003655X
040 _cGE_BSU
080 _a821.111-3
245 _aФеминизм: проза,мемуары,письма
245 _cПод.ред.Мириам Шнеир
260 _aМосква
260 _bПрогресс
260 _c1992
300 _a474стр.18см.
653 _aФеминизм: проза,мемуары,письма
942 _cBK
999 _c46861
_d46861